Primes mugiwara One piece - Statistiques

Statistiques générales
  • Ce quiz a été pris 927 fois
  • Le résultat moyen est 6 sur 10
Statistiques - réponses
Personnage Prime % Correct
Chopper 100
95%
Luffy 1 500 000 000
89%
Zoro 320 000 000
78%
Sanji 330 000 000
77%
Usopp 200 000 000
65%
Nami 66 000 000
55%
Franky 94 000 000
53%
Brook 83 000 000
47%
Robin 130 000 000
46%
Jinbe 438 000 000
28%
Aucun quiz correspondant
Distribution des résultats
% des personnes avec chaque résultat
Percentile par nombre de réponses
Votre historique - résultats
Vous n’avez pas pris ce quiz